000 00893nam0a2200253 4500
001 RU\NLR\ONL1\17017
005 20260406115355.0
035 _a(NLR Aleph) 009645755
090 _a9563206
_c9563206
100 _a20100713d1954 |||y0rusy50 ca
101 1 _amdf
_crus
102 _aRU
105 _aa |||||||||
200 1 _aКаштанка
_eрассказ
_fА. П. Чехов
_gрис. Б. Лебедевть
_g[ётафтозе А. Малаева]
210 _aСаранск
_cМорд. кн. изд-вась
_d1954
215 _a28 с.
_cил.
_d27
686 1 _aШ9(2)672=Морд(Р)-4
700 1 _4070
_8rus
_7ca
_aЧехов
_bА. П.
_cписатель
_f1860-1904
_gАнтон Павлович
_3RU\NLR\AUTH\77359
_9110414
702 1 _aЛебедев
_bБ.
_4440
801 0 _aRU
_bNLR
_c20100713
_gPSBO
852 _aNLR
_bОНЛ
_jМорд.м./4-106
942 _cBOOK
980 _aNB